| 000 | 00742nam a2200229 i 4500 | ||
|---|---|---|---|
| 001 | bg | ||
| 245 | 0 | 0 |
_aA global marketplace for consumers : _b[proceedings of the conference, 1-2 June 1994] / _cOrganisation for Economic Co-operation and Development. |
| 260 |
_aParis : _bOECD, _ccop.1995. |
||
| 300 |
_a117 s. ; _c24 cm. |
||
| 490 | 1 | _aConsumer Policy Series | |
| 650 | 9 |
_aKonsumenci (ekon.) _xzagadnienia _xmateriały konferencyjne |
|
| 650 | 9 |
_aRynek _xzagadnienia |
|
| 655 | _aMateriały konferencyjne | ||
| 830 | _aConsumer Policy Series | ||
| 020 | _a9264144145 | ||
| 040 | _cBPK | ||
| 041 | 0 | _aen | |
| 080 | _a339.13:330.567.2](061.3) | ||
| 920 | _a92-64-14414-5 | ||
| 942 | _cKS | ||
| 008 | s pl f |000 0 pol | ||
| 999 |
_c31428 _d31428 |
||
| 856 |
_uhttp://koha.tu.koszalin.pl/cgi-bin/koha/opac-detail.pl?biblionumber=31428 _yKatalog online BPK |
||